000 00507nam a22002057a 4500
001 21568
005 20260316101225.0
008 260316b |||||||| |||| 00| 0 spa d
041 _aESP
082 _a621.3192
_bP61 2002 T. 1
100 _aPueyo, Héctor O.
245 _aCircuitos eléctricos :
_banálisis de modelos circuitales
260 _a :
_b ,
_c2002
300 _a000 páginas :
_b ;
_c23cm.
440 _a ;
650 _aTCA
654 _aCET
700 _a;
942 _cLIB
_dJUS
_fJUS
_2ddc
999 _c21568
_d21568